Right of publicity analysis, valuation, and the law /

Detalles Bibliográficos
Autor principal: Anson, Weston
Formato: eBook
Lenguaje:inglés
Publicado: Bruselas: American Bar Association, 2015
Materias:
Acceso en línea:Acceso restringido

MARC

LEADER 00000nam a22000007a 4500
005 20200601142334.0
007 cr|||| ||||
008 200601s2015 eu |||||s|||| 00||0 eng d
020 |a 978-1-63425-015-3 
035 |a 31607 
040 |a vLex 
090 |c 10466  |d 10466 
100 1 |a Anson, Weston 
245 1 0 |a Right of publicity  |h [Recurso electrn̤ico] :  |b analysis, valuation, and the law /  |c Weston Anson 
256 |a Servicio en ln̕ea 
260 |a Bruselas:  |b American Bar Association,  |c 2015 
300 |a 1 recurso electrn̤ico 
506 1 |a Disponible solo en los productos indicados  |d vLex Global  |d vLex Global (Academic Edition, excluding Law Schools)  |d vLex Global (U.S. Academic Edition, Law Schools)  |d vLex Global (U.S. Academic Edition, excluding Law Schools)  |d vLex Global (Academic Edition, Law Schools) 
650 0 4 |a Derecho Constitucional  |z Unin̤ Europea 
650 0 4 |a Derecho Mercantil y de la Empresa  |z Unin̤ Europea 
740 0 |a vLex Libros (Servicio en ln̕ea) 
856 4 0 |u http://vlex.com/source/right-publicity-analysis-valuation-law-31607  |z Acceso restringido 
942 |c BOOK 
999 0 |a Constitutional Law 
999 0 |a Commercial and Company Law